[Event "Passau op 8th"]
[Site "Passau"]
[Date "2000.04.23"]
[Round "6"]
[White "Ludwig, Franz"]
[Black "Sawadsky, Arthur"]
[Result "1/2-1/2"]
[WhiteElo "1850"]
[BlackElo "1675"]
[PlyCount "46"]
[EventDate "2000.04.21"]
[EventType "swiss"]
[EventRounds "7"]
[EventCountry "GER"]
[SourceTitle "CBM 076 Extra"]
[Source "ChessBase"]
[SourceDate "2000.07.11"]
[SourceVersion "1"]
[SourceVersionDate "2000.07.11"]
[SourceQuality "1"]

1. e4 c5 2. d4 cxd4 3. c3 d5 4. exd5 Qxd5 5. cxd4 Nc6 6. Nf3 e6 7. Nc3 Bb4 8. Bd2 Bxc3 9. Bxc3 Nf6 10. Bd3 0-0 11. 0-0 b6 12. Qe2 Bb7 13. Rfe1 Rfd8 14. Bc4 Qh5 15. Rad1 Nd5 16. Qd2 Rac8 17. Ne5 Nxc3 18. bxc3 Nxe5 19. Rxe5 Qxe5 20. dxe5 Rxd2 21. Rxd2 h6 22. Rd4 a6 23. a4 b5 1/2-1/2